000 00272 a2200121 4500
001 63748
082 _a823.6 CRU
090 _c37725
_d37725
100 _aRobinson Crusoe
245 _aDaniel Defoe
_hEnglish
260 _aEngland
_bPelicon Books
_c1994
300 _a304p.
942 _aNUST-CAE
_k823.6 CRU
999 _c298821
_d298821